000 00902nac a22002897a 4500
001 BR0101702
003 BR-BrBNA
005 20240105122530.0
008 230509b bl.|||m| |||| 00| 0 por d
040 _aBR-BrBNA
_bpor
_cBiblioteca Nacional de Agricultura
072 _aF30
090 _a1930 BR0101702
100 1 _aMeirelles, P.R. de L.
100 1 _aMochiutti, S.
110 1 _aEMBRAPA Amapa, Macapa (Brasil)
_93548
245 1 _aComportamento de clones de capim-Elefante (Pennisetum purpureum Schum.)no cerrado do Amapa
260 3 _aMacapa, AP (Brasil):
_c1999.
300 _a2 p.
490 _aPesquisa em Andamento - EMBRAPA Amapa (Brazil)
_vno. 98
_xISSN 1517-4069
650 _aCapim Elefante
650 _aClone
650 _aComportamento de Variedade
650 _aCerrado
650 _aAmapa
909 _a202312
_bLúcia Elande
_c55
_dLúcia Elande
942 _2AGRIS
_n0
_cMS
999 _c291510
_d291510